| 000 | 00543nam a2200193Ia 4500 | ||
|---|---|---|---|
| 003 | GCL | ||
| 008 | 140319s9999 xx 000 0 ara d | ||
| 040 |
_aGCL / _cGCL |
||
| 082 | 0 | 4 |
_a251.22 _bح |
| 100 | 1 | _aنخبة من الفقهاء | |
| 245 | 1 | 0 |
_aحكمة الدين الاسلامى / _cنخبة من الفقهاء |
| 260 |
_a[S.N] : _bدار الفلسفة ، _c1989 |
||
| 300 | _a269 ص | ||
| 490 | _a | ||
| 650 | 0 | 4 | _aالاسلام |
| 650 | 0 | 4 | _aفقه اسلامى |
| 650 | 0 | 4 | _aالحكم والامثال |
| 942 |
_2ddc _cBK |
||
| 999 |
_c37149 _d37149 |
||